|
|
|
|
| LEADER |
00000cam a2200000 a 4500 |
| 001 |
56952 |
| 005 |
20230715062618.0 |
| 008 |
973020|1969 ||||||||r|||||||||||spa|| |
| 040 |
|
|
|b spa
|
| 041 |
1 |
|
|a spa
|
| 082 |
0 |
|
|a 370.86
|
| 110 |
2 |
|
|a Secretaría Técnica Planifica Ecuador.
|9 27785
|
| 245 |
|
|
|a La Educación en el Ecuador: situación comparativa de los costos en el período 1960-1969
|c Junta Nacional de Planificación y Coordinación Económica
|h imp
|
| 264 |
|
|
|a Quito
|b Junta Nacional de Planificación y Coordinación Económica
|c 1969
|
| 300 |
|
|
|a 48 páginas:
|c 31 cm
|
| 650 |
|
0 |
|a Educacion ecuador
|9 97158
|
| 852 |
|
|
|a UC-CDJBV
|c ESTANTERIA CERRADA
|f Donación
|k lucia.mora
|l 1
|m General
|p 19730200
|q 3,00
|r 2
|t 56952
|b 0
|d CDRC
|e CDRC
|g 370.86 ESTANTERIA CERRADA
|z 1973-30-20
|
| 942 |
|
|
|c BK
|0 1
|
| 999 |
|
|
|c 15186
|d 15186
|